Statistiques concernant Mots récurrents espagnol (M-N-O)

Cliquez ici pour prendre le quiz!

Statistiques générales

  • Ce quiz a été pris 3 fois
  • Le résultat moyen est 4 sur 30

Statistiques - réponses

HintRéponse% Correct
La MerEl mar
100%
MurLa pared
100%
MontrerMostrar
100%
NaîtreNacer
100%
NierNegar
100%
NouveauNuevo
100%
La moyenneLa media
50%
Menacer deAmenazar con
0%
Motiver (qqn)Animar
0%
Miser (parier sur)Apostar por
0%
Noir (travail)Clandestino
0%
À l’occasion deCon motivo de
0%
S’occuper deCuidar de
0%
Se méfier deDesconfiar de
0%
Occasion (achat d’occasion)De segunda mano
0%
Monter en flècheDispararse
0%
MaireEl alcalde
0%
Monnaie (monnaie qu’on rend)El cambio
0%
Magasin (type Galeries Lafayette)El gran almacén
0%
Montant (argent)El importe
0%
MaintenanceEl mantenimiento
0%
NuanceEl matiz
0%
MédecinEl médico
0%
Le moyenEl medio
0%
Milieu (centre et environnement)El medio
0%
MarchéEl mercado
0%
La naissanceEl nacimiento
0%
NiveauEl nivel
0%
ObjectifEl objetivo
0%
OuvrierEl obrero
0%
OpposantEl opositor
0%
OtageEl rehén
0%
Le RenaissanceEl Renacimiento
0%
La mutuelleEl seguro mutuo
0%
Monnaie(petite monnaie, ferraille)El suelto
0%
Le juste milieuEl término medio
0%
En matière deEn materia de
0%
MairieLa alcaldía
0%
Matière (école)La asignatura
0%
La Part de marchéLa cuota de mercado
0%
MéfianceLa desconfianza
0%
ManqueLa falta
0%
Occasion (bonne affaire)La ganga
0%
ManœuvreLa maniobra
0%
Main d’œuvreLa mano de obra
0%
MachineLa máquina
0%
Matière (substance)La materia
0%
MajoritéLa mayoría
0%
La médecineLa medicina
0%
MesureLa medida
0%
MarchandiseLa mercancía
0%
ButLa meta
0%
MinoritéLa minoría
0%
MoitiéLa mitad
0%
Monnaie (devise, pièce de monnaie)La moneda
0%
OffreLa oferta
0%
Occasion (chance)La oportunidad
0%
MagazineLa revista
0%
Matières premièresLas materias primas
0%
Nouvelles (info)Las noticias
0%
Magasin (boutique)La tienda
0%
Les ménagesLos hogares
0%
MédiasLos medidos de comunicación
0%
NuancerMatizar
0%
MultiplierMultiplicar
0%
MutuelMutuo
0%
NovateurNovedoso
0%
OpérationnelOperativo
0%

Distribution des résultats

Percentile par nombre de réponses

% des personnes avec chaque résultat

Votre développement - résultats

Vous n’avez pas pris ce quiz